<?xml version="1.0" encoding="UTF-8"?>
<record
    xmlns:xsi="http://www.w3.org/2001/XMLSchema-instance"
    xsi:schemaLocation="http://www.loc.gov/MARC21/slim http://www.loc.gov/standards/marcxml/schema/MARC21slim.xsd"
    xmlns="http://www.loc.gov/MARC21/slim">

  <leader>01073nam a22002417a 4500</leader>
  <controlfield tag="005">20240529094838.0</controlfield>
  <controlfield tag="008">220309b           ||||| |||| 00| 0 eng d</controlfield>
  <datafield tag="040" ind1=" " ind2=" ">
    <subfield code="c">AL</subfield>
  </datafield>
  <datafield tag="041" ind1=" " ind2=" ">
    <subfield code="a">Konkani</subfield>
  </datafield>
  <datafield tag="082" ind1=" " ind2=" ">
    <subfield code="2">23</subfield>
    <subfield code="a">891.463</subfield>
    <subfield code="b">PETN</subfield>
  </datafield>
  <datafield tag="100" ind1=" " ind2=" ">
    <subfield code="a">M Petrick</subfield>
    <subfield code="9">168341</subfield>
  </datafield>
  <datafield tag="100" ind1=" " ind2=" ">
    <subfield code="9">164601</subfield>
    <subfield code="d">&#xC8E;&#xC82; &#xCAA;&#xCC6;&#xC9F;&#xCCD;&#xCB0;&#xCBF;&#xC95;&#xCCD; </subfield>
  </datafield>
  <datafield tag="245" ind1=" " ind2=" ">
    <subfield code="a">Nurse Gloriya:</subfield>
    <subfield code="b"> &#xCA8;&#xCB0;&#xCCD;&#xCB8;&#xCCD; &#xC97;&#xCCD;&#xCB2;&#xCCB;&#xCB0;&#xCBF;&#xCAF;: &#xCAF;&#xCC1;&#xCB5; &#xCAA;&#xCCD;&#xCB0;&#xCC7;&#xCAE;&#xCBF;&#xC82;&#xC9A;&#xCBF; &#xCAE;&#xCCA;&#xC97;&#xCBE;&#xC9A;&#xCBF;  &#xC95;&#xCA5;&#xCBE; </subfield>
  </datafield>
  <datafield tag="260" ind1=" " ind2=" ">
    <subfield code="a">Manglur</subfield>
    <subfield code="b">Karnataka Konkani Sahitya Akademi</subfield>
    <subfield code="c">2019</subfield>
  </datafield>
  <datafield tag="300" ind1=" " ind2=" ">
    <subfield code="a">vi,106 p.</subfield>
    <subfield code="b">PB</subfield>
    <subfield code="c">21x14 cm.</subfield>
  </datafield>
  <datafield tag="365" ind1=" " ind2=" ">
    <subfield code="2">Konkani</subfield>
    <subfield code="a">1678</subfield>
    <subfield code="b">40.00</subfield>
    <subfield code="c">&#x20B9;</subfield>
    <subfield code="d">20%</subfield>
    <subfield code="e">20%</subfield>
    <subfield code="f">04-03-2022</subfield>
  </datafield>
  <datafield tag="650" ind1=" " ind2=" ">
    <subfield code="a">Konkani Fiction: &#xC95;&#xCCA;&#xC82;&#xC95;&#xCCD;&#xCA3;&#xCBF; &#xC95;&#xCBE;&#xCA3;&#xCBF;&#xCAF;&#xCCA; </subfield>
    <subfield code="9">23150</subfield>
  </datafield>
  <datafield tag="650" ind1=" " ind2=" ">
    <subfield code="a">Konkani Literature: &#xC95;&#xCCA;&#xC82;&#xC95;&#xCCD;&#xCA3;&#xCBF; &#xCB8;&#xCBE;&#xCB9;&#xCBF;&#xCA4;&#xCCD;&#xCAF;&#xCCD; </subfield>
    <subfield code="9">23151</subfield>
  </datafield>
  <datafield tag="700" ind1=" " ind2=" ">
    <subfield code="a">PETRIK (M): &#xCAA;&#xCC6;&#xC9F;&#xCCD;&#xCB0;&#xCBF;&#xC95;&#xCCD;  (&#xC8E;&#xC82;)</subfield>
    <subfield code="9">23152</subfield>
  </datafield>
  <datafield tag="700" ind1=" " ind2=" ">
    <subfield code="a">PAI (K Jagadish):  &#xCAA;&#xCC8; (&#xC95;&#xCC6;  &#xC9C;&#xC97;&#xCA6;&#xCC0;&#xCB6;&#xCCD; ) Ed.</subfield>
    <subfield code="9">23153</subfield>
  </datafield>
  <datafield tag="700" ind1=" " ind2=" ">
    <subfield code="a">BEKKERI (Kumara Babu):&#xCAC;&#xCC6;&#xC95;&#xCCD;&#xC95;&#xCC7;&#xCB0;&#xCBF; (&#xC95;&#xCC1;&#xCAE;&#xCBE;&#xCB0; &#xCAC;&#xCBE;&#xCAC;&#xCC1;) Ed.</subfield>
    <subfield code="9">23167</subfield>
  </datafield>
  <datafield tag="942" ind1=" " ind2=" ">
    <subfield code="2">ddc</subfield>
    <subfield code="c">BK</subfield>
  </datafield>
  <datafield tag="999" ind1=" " ind2=" ">
    <subfield code="c">221773</subfield>
    <subfield code="d">221773</subfield>
  </datafield>
  <datafield tag="952" ind1=" " ind2=" ">
    <subfield code="0">0</subfield>
    <subfield code="1">0</subfield>
    <subfield code="2">ddc</subfield>
    <subfield code="4">0</subfield>
    <subfield code="7">0</subfield>
    <subfield code="8">KON</subfield>
    <subfield code="a">AL</subfield>
    <subfield code="b">AL</subfield>
    <subfield code="d">2022-03-07</subfield>
    <subfield code="e">Karnataka Konkani Sahitya Akademi, Mangaluru-575003</subfield>
    <subfield code="g">40.00</subfield>
    <subfield code="l">0</subfield>
    <subfield code="o">891.463 PETN</subfield>
    <subfield code="p">075595</subfield>
    <subfield code="r">2022-03-09 00:00:00</subfield>
    <subfield code="v">50.00</subfield>
    <subfield code="w">2022-03-09</subfield>
    <subfield code="y">BK</subfield>
  </datafield>
</record>
